Statistics for Countries That Contain O

Click here to take the quiz!

General Stats

  • This quiz has been taken 505 times
  • The average score is 47 of 66

Answer Stats

Answer% Correct
Oman
92%
South Korea
92%
North Korea
87%
Portugal
87%
South Africa
87%
Norway
85%
Poland
83%
Morocco
82%
Colombia
81%
Dominican Republic
81%
Mexico
81%
South Sudan
81%
Honduras
80%
Bolivia
79%
Moldova
79%
Romania
79%
Montenegro
78%
Andorra
77%
Croatia
77%
Kosovo
77%
Mongolia
77%
Laos
76%
Monaco
76%
Slovakia
76%
Tonga
76%
Mozambique
75%
Slovenia
75%
Indonesia
74%
San Marino
74%
Togo
74%
Bosnia And Herzegovina
73%
Costa Rica
73%
Somalia
73%
United Kingdom
72%
Dominica
71%
Estonia
71%
Angola
70%
Cambodia
70%
Samoa
70%
Solomon Islands
69%
Comoros
68%
Lesotho
68%
Luxembourg
67%
Botswana
66%
Ecuador
66%
Georgia
64%
Jordan
64%
Macedonia
64%
Trinidad And Tobago
64%
Cameroon
63%
Sao Tomé And Principe
63%
Ethiopia
62%
Lebanon
62%
Singapore
62%
Gabon
61%
Barbados
60%
El Salvador
60%
Djibouti
58%
Equatorial Guinea
55%
Sierra Leone
55%
Cote d'Ivoire
54%
Federated States Of Micronesia
53%
Burkina Faso
51%
East Timor
49%
Democratic Republic Of Congo
48%
Republic of Congo
48%

Score Distribution

Percentile by Number Answered

Percent of People with Each Score

Your Score History

You have not taken this quiz